[Event "13. Hogeschool Zeeland Tournament"]
[Site "Vlissingen NED"]
[Date "2009.08.01"]
[Round "1.31"]
[White "Van den Hoogen, Arie"]
[Black "Van Eijk, Sander"]
[Result "0-1"]
[WhiteElo "1854"]
[BlackElo "2338"]
[PlyCount "42"]
[EventDate "2009.08.01"]
[EventType "swiss"]
[EventRounds "9"]
[EventCountry "NED"]
[Source "lmi"]
[SourceDate "2009.08.01"]

1. e4 c5 2. Nf3 Nc6 3. d4 cxd4 4. Nxd4 Nf6 5. Nc3 d6 6. Be2 e5 7. Nb3 Be7 8.
O-O O-O 9. Be3 a5 10. a4 Be6 11. Nd2 Nb4 12. f3 Rc8 13. Rc1 d5 14. exd5 Nfxd5
15. Nxd5 Nxd5 16. Bf2 Bg5 17. Ne4 Bxc1 18. Qxc1 Nf4 19. Bb5 Bc4 20. Bxc4 Rxc4
21. Re1 Nd3 0-1

[Event "13. Hogeschool Zeeland Tournament"]
[Site "Vlissingen NED"]
[Date "2009.08.01"]
[Round "1.32"]
[White "Bezemer, Arno"]
[Black "Van Gemert, Jean-Pierre"]
[Result "1-0"]
[WhiteElo "2332"]
[BlackElo "1851"]
[PlyCount "49"]
[EventDate "2009.08.01"]
[EventType "swiss"]
[EventRounds "9"]
[EventCountry "NED"]
[Source "lmi"]
[SourceDate "2009.08.01"]

1. d4 Nf6 2. c4 g6 3. Nc3 Bg7 4. e4 d6 5. f4 O-O 6. Nf3 b6 7. Bd3 Nbd7 8. e5
Ne8 9. Qe2 e6 10. h4 c5 11. d5 exd5 12. cxd5 Nc7 13. h5 dxe5 14. hxg6 hxg6 15.
fxe5 Re8 16. Bf4 Bb7 17. O-O-O Nxd5 18. Nxd5 Bxd5 19. Bxg6 Bxf3 20. Bxf7+ Kxf7
21. Qxf3 Kg8 22. Qd5+ Kf8 23. Rhf1 Nf6 24. exf6 Bxf6 25. Bh6+ 1-0

[Event "13. Hogeschool Zeeland Tournament"]
[Site "Vlissingen NED"]
[Date "2009.08.01"]
[Round "1.33"]
[White "Aben, Paul"]
[Black "Kuipers, Stefan"]
[Result "0-1"]
[WhiteElo "1846"]
[BlackElo "2324"]
[PlyCount "86"]
[EventDate "2009.08.01"]
[EventType "swiss"]
[EventRounds "9"]
[EventCountry "NED"]
[Source "lmi"]
[SourceDate "2009.08.01"]

1. e4 c5 2. Nf3 Nc6 3. Bb5 g6 4. O-O Bg7 5. Bxc6 dxc6 6. d3 Bg4 7. h3 Bxf3 8.
Qxf3 e5 9. Be3 b6 10. Nd2 Nf6 11. Qe2 O-O 12. a4 Nd7 13. Rab1 Re8 14. Nc4 Nf8
15. g3 f5 16. exf5 gxf5 17. Qh5 Qf6 18. Bg5 Qg6 19. Qxg6 hxg6 20. Be3 Ne6 21.
g4 f4 22. Bc1 Rad8 23. f3 Kf7 24. Kg2 b5 25. Na5 Rd6 26. b4 cxb4 27. Rxb4 a6
28. Bb2 Nc7 29. Re4 Nd5 30. Kf2 Ne3 31. Rc1 c5 32. Ba3 Rc8 33. Nb7 Rdc6 34. c3
Kf6 35. axb5 axb5 36. Rb1 R8c7 37. Nxc5 Rxc5 38. Bxc5 Rxc5 39. Reb4 Rxc3 40.
Rxb5 Rc2+ 41. Ke1 Kg5 42. Rb7 e4 43. Rxg7 exf3 0-1

[Event "13. Hogeschool Zeeland Tournament"]
[Site "Vlissingen NED"]
[Date "2009.08.01"]
[Round "1.34"]
[White "De Jong, Migchiel"]
[Black "Peeters, Bart"]
[Result "1-0"]
[WhiteElo "2319"]
[BlackElo "1844"]
[PlyCount "51"]
[EventDate "2009.08.01"]
[EventType "swiss"]
[EventRounds "9"]
[EventCountry "NED"]
[Source "lmi"]
[SourceDate "2009.08.01"]

1. e4 c5 2. Nf3 e6 3. d4 cxd4 4. Nxd4 a6 5. Nc3 Qc7 6. g3 Nf6 7. Bg2 b5 8. O-O
Bb7 9. Re1 d6 10. a4 bxa4 11. Nd5 Bxd5 12. exd5 e5 13. Nc6 Be7 14. Nxe5 O-O 15.
Nc6 Nxc6 16. dxc6 Rfe8 17. c4 Rab8 18. Rxa4 Rb6 19. b4 Rxc6 20. Bxc6 Qxc6 21.
Bg5 Qxc4 22. Bxf6 gxf6 23. b5 Qxb5 24. Rae4 Kf8 25. Qc1 Qg5 26. Rxe7 1-0

[Event "13. Hogeschool Zeeland Tournament"]
[Site "Vlissingen NED"]
[Date "2009.08.01"]
[Round "1.35"]
[White "Van Gemert, Rogier"]
[Black "Soumya, Swaminathan"]
[Result "1-0"]
[WhiteElo "1844"]
[BlackElo "2309"]
[PlyCount "115"]
[EventDate "2009.08.01"]
[EventType "swiss"]
[EventRounds "9"]
[EventCountry "NED"]
[Source "lmi"]
[SourceDate "2009.08.01"]

1. Nf3 Nf6 2. d4 g6 3. Bg5 Bg7 4. Nbd2 h6 5. Bh4 g5 6. Bg3 Nh5 7. Be5 f6 8. Bg3
f5 9. e3 d6 10. Bc4 Nxg3 11. hxg3 g4 12. Nh4 d5 13. Bd3 O-O 14. c4 c6 15. Qc2
e6 16. Ng6 Rf7 17. O-O-O Nd7 18. f4 Nf6 19. c5 b6 20. Nb3 Bb7 21. Rh4 b5 22.
Rdh1 a5 23. Qd1 b4 24. Ne5 Rc7 25. Nd2 Ba6 26. Bxa6 Rxa6 27. Qf1 Raa7 28. Rxh6
Bxh6 29. Rxh6 Rh7 30. Nxc6 Qe8 31. Nxa7 Rxh6 32. Qa6 Rh7 33. Nb5 Nd7 34. Nc7
Qe7 35. Nxe6 Rh6 36. Qa8+ Kf7 37. Ng5+ Kg7 38. Qxd5 Nf6 39. Ne6+ Kf7 40. Ng5+
Kg6 41. Qc4 Rh8 42. Qd3 Rd8 43. Nc4 Nd7 44. Nd6 Rf8 45. Kd2 a4 46. e4 fxe4 47.
Qxe4+ Qxe4 48. Ngxe4 Nf6 49. f5+ Kg7 50. Ng5 Rb8 51. Ne6+ Kg8 52. c6 Nd5 53. c7
Nxc7 54. Nxc7 b3 55. axb3 Rxb3 56. f6 Rxb2+ 57. Kc1 Re2 58. d5 1-0

[Event "13. Hogeschool Zeeland Tournament"]
[Site "Vlissingen NED"]
[Date "2009.08.01"]
[Round "1.36"]
[White "Piasetski, Leon"]
[Black "Smits, Benjamin"]
[Result "1-0"]
[WhiteElo "2288"]
[BlackElo "1839"]
[PlyCount "41"]
[EventDate "2009.08.01"]
[EventType "swiss"]
[EventRounds "9"]
[EventCountry "NED"]
[Source "lmi"]
[SourceDate "2009.08.01"]

1. c4 Nf6 2. Nf3 e6 3. g3 b6 4. Bg2 Bb7 5. O-O Be7 6. Nc3 O-O 7. d4 d5 8. Ne5
Qc8 9. cxd5 Nxd5 10. e4 Nf6 11. Bf4 Rd8 12. Rc1 Na6 13. Re1 Nd7 14. Nd3 Nf8 15.
d5 Ng6 16. Be3 Qd7 17. Qb3 Bf6 18. e5 Be7 19. dxe6 Qc8 20. exf7+ Kf8 21. Nd5
1-0

[Event "13. Hogeschool Zeeland Tournament"]
[Site "Vlissingen NED"]
[Date "2009.08.01"]
[Round "1.37"]
[White "Van den Broek, Rene"]
[Black "Litwak, Aleksej"]
[Result "0-1"]
[WhiteElo "1839"]
[BlackElo "2268"]
[PlyCount "80"]
[EventDate "2009.08.01"]
[EventType "swiss"]
[EventRounds "9"]
[EventCountry "NED"]
[Source "lmi"]
[SourceDate "2009.08.01"]

1. d4 Nf6 2. Bf4 d5 3. e3 c5 4. c3 Nc6 5. Nd2 Bf5 6. Be2 Qb6 7. g4 Bg6 8. Qb3
c4 9. Qxb6 axb6 10. g5 Nd7 11. Ngf3 h6 12. Nh4 Bh7 13. g6 fxg6 14. Bc7 e6 15.
f4 b5 16. e4 b4 17. Bg4 Be7 18. Ng2 Bg8 19. O-O Nf6 20. Ne3 Nxg4 21. Nxg4 Bf7
22. Ne3 O-O 23. f5 gxf5 24. exd5 exd5 25. Nxf5 Bg5 26. Nf3 Bg6 27. N3h4 Bh7 28.
Bg3 bxc3 29. bxc3 Bd2 30. Rf3 Bxc3 31. Nxh6+ gxh6 32. Rxc3 Nxd4 33. Re1 Bd3 34.
Be5 Ne2+ 35. Rxe2 Bxe2 36. Rg3+ Kf7 37. Rg7+ Ke6 38. Bd4 Rg8 39. Kf2 Rxg7 40.
Bxg7 Rxa2 0-1

[Event "13. Hogeschool Zeeland Tournament"]
[Site "Vlissingen NED"]
[Date "2009.08.01"]
[Round "1.38"]
[White "Provoost, Simon"]
[Black "Nieuwenhuijse, Louis"]
[Result "1-0"]
[WhiteElo "2265"]
[BlackElo "1838"]
[PlyCount "101"]
[EventDate "2009.08.01"]
[EventType "swiss"]
[EventRounds "9"]
[EventCountry "NED"]
[Source "lmi"]
[SourceDate "2009.08.01"]

1. d4 g6 2. Nf3 Bg7 3. g3 d5 4. Bg2 e6 5. O-O Ne7 6. c4 c6 7. Qc2 Nd7 8. b3 O-O
9. Bb2 h5 10. Nbd2 b6 11. e4 Bb7 12. Rfe1 Rc8 13. Rad1 Nf6 14. Ne5 Ng4 15. Nxg4
hxg4 16. Nf1 Kh7 17. cxd5 cxd5 18. Qe2 dxe4 19. Bxe4 Nd5 20. Qxg4 f5 21. Qh3+
Kg8 22. Bf3 Qe7 23. Qg2 Rc2 24. Rd2 Rxb2 25. Rxb2 Bxd4 26. Rbb1 e5 27. Rbd1 Rd8
28. Kh1 g5 29. h3 Kf7 30. Kh2 Kf6 31. Ne3 Bxe3 32. fxe3 e4 33. Be2 b5 34. Bf1
a6 35. Qb2+ Kg6 36. Bg2 Qe6 37. Qd4 Rd7 38. a4 Bc6 39. Qc5 bxa4 40. bxa4 Bxa4
41. Rd4 Qc6 42. Qa5 Bb5 43. Red1 Nf6 44. Rxd7 Nxd7 45. Qd8 Nf6 46. Rd6 Qc3 47.
Qe7 Bd3 48. h4 gxh4 49. gxh4 a5 50. h5+ Kxh5 51. Rxf6 1-0

[Event "13. Hogeschool Zeeland Tournament"]
[Site "Vlissingen NED"]
[Date "2009.08.01"]
[Round "1.39"]
[White "Van de Groep, Sjaak"]
[Black "Freeke, Matthieu"]
[Result "0-1"]
[WhiteElo "1834"]
[BlackElo "2264"]
[PlyCount "64"]
[EventDate "2009.08.01"]
[EventType "swiss"]
[EventRounds "9"]
[EventCountry "NED"]
[Source "lmi"]
[SourceDate "2009.08.01"]

1. e4 e5 2. Nf3 Nc6 3. Bb5 a6 4. Ba4 Nf6 5. O-O Be7 6. Re1 b5 7. Bb3 O-O 8. h3
d6 9. c3 Na5 10. Bc2 c5 11. d4 Nd7 12. Nbd2 exd4 13. cxd4 Nc6 14. Nf1 cxd4 15.
Nxd4 Nxd4 16. Qxd4 Ne5 17. a4 Bxh3 18. f4 Nc6 19. Qc3 Bd7 20. Ne3 Bf6 21. Qd2
Bd4 22. g3 Bc5 23. Qh2 Nd4 24. Kg2 Bc6 25. Kh1 h6 26. Ng4 Nxc2 27. Nxh6+ gxh6
28. Qxh6 Bxe4+ 29. Kh2 Nxa1 30. f5 Bd4 31. Bg5 Bg7 32. Qh5 Bf3 0-1

[Event "13. Hogeschool Zeeland Tournament"]
[Site "Vlissingen NED"]
[Date "2009.08.01"]
[Round "1.40"]
[White "Heltzel, Joost"]
[Black "Van Wijnen, Wout"]
[Result "1-0"]
[WhiteElo "2262"]
[BlackElo "1834"]
[PlyCount "87"]
[EventDate "2009.08.01"]
[EventType "swiss"]
[EventRounds "9"]
[EventCountry "NED"]
[Source "lmi"]
[SourceDate "2009.08.01"]

1. Nf3 Nf6 2. g3 d5 3. Bg2 c6 4. O-O Nbd7 5. d3 e5 6. Nbd2 Bd6 7. Nh4 Nf8 8. e4
Ng6 9. Nf5 Bxf5 10. exf5 Ne7 11. Nf3 h6 12. Re1 Qc7 13. Nh4 O-O-O 14. c3 Kb8
15. Qa4 g5 16. fxg6 fxg6 17. Be3 b6 18. c4 dxc4 19. dxc4 c5 20. Qc2 Rdg8 21.
Rad1 a6 22. Qd2 Nc8 23. Bxh6 Rxh6 24. Qxh6 Qh7 25. Qxh7 Nxh7 26. Nf3 Re8 27.
Nd2 Nf6 28. Ne4 Nxe4 29. Rxe4 Kc7 30. Rg4 Ne7 31. Be4 Rg8 32. h4 b5 33. b3 Kd7
34. Rg5 Kc7 35. Kg2 b4 36. Rd3 a5 37. Rf3 a4 38. bxa4 Nc6 39. Rf7+ Ne7 40. Rxg6
Rxg6 41. Bxg6 Kb6 42. h5 Ka5 43. Be4 Kxa4 44. h6 1-0

[Event "13. Hogeschool Zeeland Tournament"]
[Site "Vlissingen NED"]
[Date "2009.08.01"]
[Round "1.41"]
[White "Camps, Jeroen"]
[Black "Tiggelman, Rene"]
[Result "0-1"]
[WhiteElo "1821"]
[BlackElo "2250"]
[PlyCount "72"]
[EventDate "2009.08.01"]
[EventType "swiss"]
[EventRounds "9"]
[EventCountry "NED"]
[Source "lmi"]
[SourceDate "2009.08.01"]

1. e4 c5 2. c3 e6 3. d4 d5 4. exd5 exd5 5. Be3 c4 6. b3 cxb3 7. axb3 Nf6 8. Nf3
Nc6 9. Bd3 Bg4 10. Nbd2 Be7 11. O-O O-O 12. Qc2 Qc7 13. Rac1 Rfe8 14. Rfe1 Bh5
15. Bf5 Bg6 16. Nh4 Ng4 17. Nhf3 Ba3 18. Ra1 Bd6 19. Nf1 Ne7 20. Bxg6 hxg6 21.
c4 Nf5 22. c5 Ngxe3 23. Nxe3 Nxe3 24. fxe3 Be7 25. e4 dxe4 26. Rxe4 Bf6 27.
Rae1 Rxe4 28. Rxe4 Qc6 29. Qe2 a5 30. Ne5 Qd5 31. Nf3 Qxb3 32. Re8+ Rxe8 33.
Qxe8+ Kh7 34. Qd7 Qe6 35. Qxb7 Bxd4+ 36. Nxd4 Qe1# 0-1

[Event "13. Hogeschool Zeeland Tournament"]
[Site "Vlissingen NED"]
[Date "2009.08.01"]
[Round "1.42"]
[White "Rajesh, V A V."]
[Black "IJzermans, Cees"]
[Result "1-0"]
[WhiteElo "2249"]
[BlackElo "1818"]
[PlyCount "63"]
[EventDate "2009.08.01"]
[EventType "swiss"]
[EventRounds "9"]
[EventCountry "NED"]
[Source "lmi"]
[SourceDate "2009.08.01"]

1. d4 Nf6 2. c4 e5 3. e3 exd4 4. exd4 d5 5. cxd5 Nxd5 6. Nc3 Bb4 7. Bd2 O-O 8.
Bd3 Nc6 9. Nge2 Nf6 10. Bg5 Kh8 11. a3 Be7 12. Bc2 Bg4 13. O-O h6 14. Be3 Nd5
15. Nxd5 Qxd5 16. Qd3 f5 17. Nf4 Qd6 18. f3 g5 19. fxg4 gxf4 20. Rxf4 Bg5 21.
Raf1 Rae8 22. gxf5 Rxe3 23. Qxe3 Qxd4 24. Qxd4+ Nxd4 25. Bd3 Bxf4 26. Rxf4 Nb3
27. Bc2 Na5 28. f6 Nc6 29. g4 Ne5 30. h4 Nxg4 31. Rxg4 Rxf6 32. Rg6 1-0

[Event "13. Hogeschool Zeeland Tournament"]
[Site "Vlissingen NED"]
[Date "2009.08.01"]
[Round "1.43"]
[White "Snikkers, Naomi"]
[Black "Leenaerts, Robin"]
[Result "0-1"]
[WhiteElo "1818"]
[BlackElo "2248"]
[PlyCount "58"]
[EventDate "2009.08.01"]
[EventType "swiss"]
[EventRounds "9"]
[EventCountry "NED"]
[Source "lmi"]
[SourceDate "2009.08.01"]

1. e4 c5 2. Nf3 Nc6 3. d4 cxd4 4. Nxd4 Nf6 5. Nc3 d6 6. Be3 e5 7. Nb3 Be6 8.
Be2 a5 9. a4 Be7 10. O-O O-O 11. Qd2 Rc8 12. f3 Nb4 13. Rac1 d5 14. exd5 Nbxd5
15. Nxd5 Nxd5 16. Rcd1 Qc7 17. c4 Bb4 18. Qd3 Nb6 19. c5 Nxa4 20. Qc2 Nxc5 21.
Nxc5 Bxc5 22. Bxc5 Qxc5+ 23. Qxc5 Rxc5 24. Bd3 Bd5 25. Rd2 g6 26. Re1 Bc6 27.
Rde2 Re8 28. f4 Rd8 29. Bb1 exf4 0-1

[Event "13. Hogeschool Zeeland Tournament"]
[Site "Vlissingen NED"]
[Date "2009.08.01"]
[Round "1.44"]
[White "Padmini, Rout"]
[Black "Quist, Pieter"]
[Result "1-0"]
[WhiteElo "2243"]
[BlackElo "1817"]
[PlyCount "73"]
[EventDate "2009.08.01"]
[EventType "swiss"]
[EventRounds "9"]
[EventCountry "NED"]
[Source "lmi"]
[SourceDate "2009.08.01"]

1. e4 c5 2. Nf3 d6 3. d4 cxd4 4. Nxd4 Nf6 5. Nc3 a6 6. Bg5 e6 7. f4 Qb6 8. Qd2
Qxb2 9. Rb1 Qa3 10. e5 h6 11. Bh4 dxe5 12. fxe5 g5 13. exf6 gxh4 14. Be2 Nd7
15. O-O Qa5 16. Qd3 Qe5 17. Kh1 h3 18. g3 Bc5 19. Nb3 b5 20. Bf3 Rb8 21. Rbe1
Qc7 22. Nxc5 Nxc5 23. Qf5 Bb7 24. Qxh3 Nd7 25. Ne4 Ne5 26. Bg2 Rd8 27. Qh5 Rd5
28. Re2 Ng6 29. Qf3 Rf5 30. Nd6+ Qxd6 31. Qxf5 Bxg2+ 32. Kxg2 O-O 33. Qd3 Qc6+
34. Qf3 Qc4 35. h4 Kh7 36. h5 Nh8 37. Qe4+ 1-0

[Event "13. Hogeschool Zeeland Tournament"]
[Site "Vlissingen NED"]
[Date "2009.08.01"]
[Round "1.45"]
[White "Timmermans, Adri"]
[Black "Marcziter, Dmitrii"]
[Result "0-1"]
[WhiteElo "1817"]
[BlackElo "2238"]
[PlyCount "80"]
[EventDate "2009.08.01"]
[EventType "swiss"]
[EventRounds "9"]
[EventCountry "NED"]
[Source "lmi"]
[SourceDate "2009.08.01"]

1. e4 c5 2. Nf3 a6 3. d4 cxd4 4. Nxd4 e6 5. f4 Bc5 6. c3 d5 7. e5 Nc6 8. Nxc6
bxc6 9. Qg4 g6 10. Bd3 h5 11. Qg3 h4 12. Qf3 a5 13. Be3 Qb6 14. Bxc5 Qxc5 15.
Qf2 Qxf2+ 16. Kxf2 Rb8 17. b3 Nh6 18. Nd2 Ke7 19. Nf3 Ng4+ 20. Ke2 h3 21. gxh3
Rxh3 22. Rag1 Nh6 23. Rg3 Rh5 24. h4 c5 25. Rg5 Bd7 26. Rhg1 a4 27. Rxh5 gxh5
28. Rg5 axb3 29. axb3 Rxb3 30. Rxh5 Nf5 31. Bxf5 exf5 32. Kd2 d4 33. Ng5 Rxc3
34. Rh7 Be6 35. h5 c4 36. h6 Ra3 37. Rh8 Ra2+ 38. Kc1 c3 39. Nxe6 d3 40. Rd8
Ra1# 0-1

[Event "13. Hogeschool Zeeland Tournament"]
[Site "Vlissingen NED"]
[Date "2009.08.01"]
[Round "1.46"]
[White "Sarrau, Jelle"]
[Black "Vandersmissen, Hans"]
[Result "1-0"]
[WhiteElo "2229"]
[BlackElo "1815"]
[PlyCount "27"]
[EventDate "2009.08.01"]
[EventType "swiss"]
[EventRounds "9"]
[EventCountry "NED"]
[Source "lmi"]
[SourceDate "2009.08.01"]

1. e4 d6 2. Nc3 Nf6 3. g3 e5 4. Bg2 Be7 5. Nge2 c6 6. O-O O-O 7. h3 Be6 8. f4
exf4 9. Nxf4 Qb6+ 10. Kh2 Qd4 11. d3 Bc8 12. Qe1 Nbd7 13. Be3 Qb4 14. Ncd5 1-0

[Event "13. Hogeschool Zeeland Tournament"]
[Site "Vlissingen NED"]
[Date "2009.08.01"]
[Round "1.47"]
[White "Hauglustaine, Sander"]
[Black "Timmermans, Ivo"]
[Result "0-1"]
[WhiteElo "1806"]
[BlackElo "2223"]
[PlyCount "78"]
[EventDate "2009.08.01"]
[EventType "swiss"]
[EventRounds "9"]
[EventCountry "NED"]
[Source "lmi"]
[SourceDate "2009.08.01"]

1. e4 e6 2. d4 d5 3. Nc3 Bb4 4. e5 c5 5. a3 Bxc3+ 6. bxc3 Ne7 7. Qg4 O-O 8. Nf3
Nbc6 9. Bd3 f5 10. Qh5 Bd7 11. h4 Qa5 12. Bd2 Qa4 13. Rh3 c4 14. Rg3 Be8 15.
Qg5 Ng6 16. Qh5 Nf4 17. Qh6 Ng6 18. Qh5 Nf4 19. Qh6 Nh5 20. Rxg7+ Nxg7 21. Ng5
Bg6 22. Be2 f4 23. Bg4 Rae8 24. Rb1 b6 25. Rc1 Nd8 26. h5 Nf5 27. Bxf5 Bxf5 28.
Ke2 Qd7 29. Nf3 Qg7 30. Bxf4 Bg4 31. Qxg7+ Kxg7 32. Bg5 Rf5 33. Bf6+ Kf7 34. h6
Rg8 35. Ke3 Bxf3 36. gxf3 Rxf6 37. exf6 Kxf6 38. f4 Kf5 39. f3 Rg6 0-1

[Event "13. Hogeschool Zeeland Tournament"]
[Site "Vlissingen NED"]
[Date "2009.08.01"]
[Round "1.48"]
[White "Duchene, Rene"]
[Black "Baete, Guy"]
[Result "1-0"]
[WhiteElo "2216"]
[BlackElo "1802"]
[PlyCount "31"]
[EventDate "2009.08.01"]
[EventType "swiss"]
[EventRounds "9"]
[EventCountry "NED"]
[Source "lmi"]
[SourceDate "2009.08.01"]

1. Nf3 d5 2. d4 Nf6 3. c4 e6 4. Nc3 b6 5. cxd5 exd5 6. Bg5 Bb7 7. Qa4+ Bc6 8.
Qb3 Bd6 9. e3 Nbd7 10. Nb5 Be7 11. Rc1 Bxb5 12. Bxb5 c5 13. Bxf6 gxf6 14. Qxd5
Rc8 15. dxc5 Bxc5 16. O-O 1-0

[Event "13. Hogeschool Zeeland Tournament"]
[Site "Vlissingen NED"]
[Date "2009.08.01"]
[Round "1.49"]
[White "Wolfslag, René"]
[Black "De Vos, Nils"]
[Result "0-1"]
[WhiteElo "1801"]
[BlackElo "2205"]
[PlyCount "70"]
[EventDate "2009.08.01"]
[EventType "swiss"]
[EventRounds "9"]
[EventCountry "NED"]
[Source "lmi"]
[SourceDate "2009.08.01"]

1. e4 c5 2. Nf3 d6 3. d4 cxd4 4. Nxd4 Nf6 5. Nc3 g6 6. f3 Bg7 7. Be3 Nc6 8. Qd2
O-O 9. O-O-O d5 10. g4 dxe4 11. g5 Nd7 12. Nxc6 bxc6 13. Bh3 Qa5 14. Bxd7 Rd8
15. fxe4 Bxd7 16. Qe1 Bg4 17. Rd3 Rxd3 18. cxd3 Rd8 19. Qd2 Be6 20. a3 Qa6 21.
d4 Qc4 22. Rd1 Qa6 23. Qe2 Bc4 24. Qf2 Bb3 25. Rd2 Qa5 26. e5 c5 27. dxc5 Bxe5
28. Rxd8+ Qxd8 29. Qd2 Qb8 30. c6 Be6 31. Ne4 Qb5 32. Nc3 Qxc6 33. Bxa7 Qh1+
34. Nd1 Bb3 35. Bd4 Bf4 0-1

[Event "13. Hogeschool Zeeland Tournament"]
[Site "Vlissingen NED"]
[Date "2009.08.01"]
[Round "1.50"]
[White "Dek, Lennart"]
[Black "Maas, Joop"]
[Result "1-0"]
[WhiteElo "2205"]
[BlackElo "1800"]
[PlyCount "111"]
[EventDate "2009.08.01"]
[EventType "swiss"]
[EventRounds "9"]
[EventCountry "NED"]
[Source "lmi"]
[SourceDate "2009.08.01"]

1. e4 c6 2. d4 d5 3. exd5 cxd5 4. Bd3 Nc6 5. c3 g6 6. Bf4 Bg7 7. Nf3 Nh6 8. O-O
O-O 9. Re1 Re8 10. Nbd2 f6 11. Nf1 Nf7 12. Bg3 e5 13. dxe5 fxe5 14. Bb5 a6 15.
Ba4 e4 16. Nd4 Bd7 17. Bb3 Nxd4 18. cxd4 Be6 19. Ne3 Qd7 20. Qd2 Nd8 21. Be5
Nc6 22. Bxg7 Kxg7 23. Rac1 Qd6 24. a3 Rac8 25. Rc5 b6 26. Rcc1 Ne7 27. Qe2 b5
28. Qd2 Rf8 29. Ba2 h6 30. b4 Rxc1 31. Rxc1 Rc8 32. Rc5 Rxc5 33. bxc5 Qd8 34.
Nc2 a5 35. Qe2 Qd7 36. Bb3 Bf5 37. h3 h5 38. Qd2 Qc7 39. Qg5 Qd7 40. Ne3 Be6
41. Bd1 Kh7 42. g4 hxg4 43. Bxg4 b4 44. axb4 axb4 45. Qe5 Bf5 46. Qd6 Bxg4 47.
hxg4 Qb7 48. Qb6 Qxb6 49. cxb6 b3 50. Nxd5 Nc6 51. b7 Kg7 52. Kf1 g5 53. Nc3 b2
54. d5 Nb8 55. Ke2 Kf7 56. Ke3 1-0

[Event "13. Hogeschool Zeeland Tournament"]
[Site "Vlissingen NED"]
[Date "2009.08.02"]
[Round "2.1"]
[White "Beliavsky, Alexander"]
[Black "Colijn, Stefan"]
[Result "1-0"]
[WhiteElo "2662"]
[BlackElo "2187"]
[PlyCount "55"]
[EventDate "2009.08.01"]
[EventType "swiss"]
[EventRounds "9"]
[EventCountry "NED"]
[Source "lmi"]
[SourceDate "2009.08.01"]

1. d4 Nf6 2. c4 g6 3. Nc3 Bg7 4. e4 d6 5. h3 O-O 6. Be3 e5 7. d5 Na6 8. g4 Nc5
9. Qc2 c6 10. b4 Na6 11. a3 cxd5 12. cxd5 Bd7 13. Bd3 Kh8 14. Nge2 Ng8 15. Qd2
Qe8 16. Ng3 Nc7 17. Rc1 h5 18. gxh5 f5 19. h6 f4 20. hxg7+ Kxg7 21. h4 fxe3 22.
Qxe3 Nh6 23. Qg5 Qf7 24. Rc2 Qf3 25. h5 Qf6 26. Qxg6+ Qxg6 27. hxg6 Kxg6 28. f4
1-0

[Event "13. Hogeschool Zeeland Tournament"]
[Site "Vlissingen NED"]
[Date "2009.08.02"]
[Round "2.2"]
[White "In 't Veld, Daan"]
[Black "Krasenkow, Michal"]
[Result "0-1"]
[WhiteElo "2173"]
[BlackElo "2631"]
[PlyCount "94"]
[EventDate "2009.08.01"]
[EventType "swiss"]
[EventRounds "9"]
[EventCountry "NED"]
[Source "lmi"]
[SourceDate "2009.08.01"]

1. e4 g6 2. d4 Bg7 3. Nc3 c6 4. Be3 d5 5. Nf3 Bg4 6. Be2 dxe4 7. Nxe4 Nd7 8.
O-O Ngf6 9. Nxf6+ Nxf6 10. c4 O-O 11. Ne5 Be6 12. Qd3 Ne8 13. Rad1 Nd6 14. b3
Qc8 15. Rfe1 Rd8 16. Qc2 Nf5 17. Qe4 Qc7 18. Bf3 Qa5 19. a4 Qc3 20. Rc1 Qxb3
21. Rb1 Qxa4 22. Ra1 Qb4 23. Reb1 Qd6 24. Rxb7 Nxd4 25. Bxd4 Qxd4 26. Qxd4 Rxd4
27. Nxc6 Rxc4 28. Rd1 a5 29. Rb5 Re8 30. Rxa5 Bc3 31. Ra7 Kf8 32. h3 Rc5 33.
Nd8 Bb3 34. Rdd7 Ba5 35. Nc6 Rc1+ 36. Kh2 Be1 37. Rxe7 Rxe7 38. Rxe7 Bxf2 39.
Rb7 Be6 40. Ne5 h5 41. Nd3 Bg1+ 42. Kg3 Rc4 43. Rb8+ Kg7 44. Bb7 Rc3 45. Ba6
Bf5 46. Rd8 Bb6 47. Rd5 Be6 0-1

[Event "13. Hogeschool Zeeland Tournament"]
[Site "Vlissingen NED"]
[Date "2009.08.02"]
[Round "2.3"]
[White "Khairullin, Ildar"]
[Black "Admiraal, Miguoel"]
[Result "1-0"]
[WhiteElo "2602"]
[BlackElo "2173"]
[PlyCount "69"]
[EventDate "2009.08.01"]
[EventType "swiss"]
[EventRounds "9"]
[EventCountry "NED"]
[Source "lmi"]
[SourceDate "2009.08.01"]

1. Nf3 Nf6 2. g3 g6 3. Bg2 Bg7 4. O-O O-O 5. d4 d5 6. c4 c6 7. Qb3 Ne4 8. Nc3
dxc4 9. Qxc4 Bf5 10. Qb3 Qb6 11. Qa3 Nd6 12. Bg5 Re8 13. Rfe1 Be6 14. b3 Nf5
15. e3 Na6 16. g4 Nh6 17. h3 Nb4 18. Re2 Nd5 19. Nxd5 Bxd5 20. e4 Be6 21. Bxe7
Bxd4 22. Nxd4 Qxd4 23. Rae1 f6 24. Bc5 Qe5 25. Qc1 Nf7 26. f4 Qc7 27. Bd4 Rad8
28. Bxf6 Rd3 29. f5 Bc8 30. e5 gxf5 31. e6 Bxe6 32. gxf5 Qb6+ 33. Kh1 Rxh3+ 34.
Bxh3 Bd5+ 35. Bg2 1-0

[Event "13. Hogeschool Zeeland Tournament"]
[Site "Vlissingen NED"]
[Date "2009.08.02"]
[Round "2.4"]
[White "Plachkinova, Tatjana"]
[Black "Ernst, Sipke"]
[Result "0-1"]
[WhiteElo "2169"]
[BlackElo "2598"]
[PlyCount "120"]
[EventDate "2009.08.01"]
[EventType "swiss"]
[EventRounds "9"]
[EventCountry "NED"]
[Source "lmi"]
[SourceDate "2009.08.01"]

1. d4 e6 2. c4 b6 3. Nf3 Nf6 4. Nc3 Bb7 5. e3 d5 6. cxd5 exd5 7. Bb5+ Nbd7 8.
Ne5 Bd6 9. Qa4 a6 10. Bc6 Bxc6 11. Qxc6 Ra7 12. O-O Qa8 13. Qxa8+ Rxa8 14. Nxd7
Kxd7 15. Bd2 Bb4 16. Rac1 Rhe8 17. a3 Bxc3 18. Bxc3 Re6 19. Rc2 Rc6 20. Rfc1 a5
21. a4 Re8 22. Be1 Rxc2 23. Rxc2 Ne4 24. h3 Nd6 25. b3 Nf5 26. Bd2 h5 27. g3 g5
28. Rc1 Nd6 29. Kg2 Ne4 30. Rc2 g4 31. h4 Rc8 32. Kf1 Rb8 33. Ke2 Kd6 34. Be1
c5 35. Rc1 cxd4 36. exd4 Re8 37. Kf1 Kd7 38. Rc2 Re6 39. Bd2 Nd6 40. Bf4 Ne8
41. Re2 Re4 42. Rd2 f6 43. Kg2 Ng7 44. Rc2 Ne6 45. Be3 Nd8 46. Kf1 Nc6 47. Kg2
Ne7 48. Rc3 Nf5 49. Rd3 Re8 50. Rc3 Ng7 51. Rc1 Ne6 52. Kf1 Rb8 53. Ke2 f5 54.
Kd3 Rf8 55. Bf4 Nxf4+ 56. gxf4 Re8 57. Rc2 Re4 58. Re2 Rxf4 59. Re5 Kd6 60. Ke2
Rxd4 0-1

[Event "13. Hogeschool Zeeland Tournament"]
[Site "Vlissingen NED"]
[Date "2009.08.02"]
[Round "2.5"]
[White "Van den Doel, Erik"]
[Black "Van der Linde, Maurits"]
[Result "1-0"]
[WhiteElo "2590"]
[BlackElo "2171"]
[PlyCount "60"]
[EventDate "2009.08.01"]
[EventType "swiss"]
[EventRounds "9"]
[EventCountry "NED"]
[Source "lmi"]
[SourceDate "2009.08.01"]

1. e4 e5 2. Nf3 Nc6 3. Bc4 Nf6 4. d3 Be7 5. O-O O-O 6. Re1 d6 7. a4 Na5 8. Ba2
c5 9. Bd2 Nc6 10. Nc3 Bg4 11. h3 Be6 12. Nd5 Bxd5 13. Bxd5 Nxd5 14. exd5 Nd4
15. b4 b6 16. c4 Qd7 17. a5 Nxf3+ 18. Qxf3 cxb4 19. Bxb4 b5 20. Rec1 Rfc8 21.
cxb5 Qxb5 22. Qg4 Rxc1+ 23. Rxc1 h5 24. Qc4 Rb8 25. Bd2 g6 26. a6 Qb2 27. Be3
Rb4 28. Qc8+ Kg7 29. Qe8 Bh4 30. Rc8 Kf6 1-0